000 00354nam a22001337a 4500
020 _a9780373676255
082 _a813.6
_bWHI
100 _aWhite, Hope
245 _aMountain Rescue /
_cHope White
260 _aNew York :
_bLove Inspired,
_c2014.
300 _a280p. ;
_c17 cm.
942 _2ddc
_cBK
999 _c588582
_d588582